00159nam a2200073Ia 4500008004100000082000800041100001900049245001700068240331s9999 xx 000 0 und d bRAJ aRajadurai, S.V 0au pathivugal